000 00439nam a2200205Ia 4500
001 13441
003 GE_BSU
008 181216s||||||||xx |||||||||||||| ||und||
020 _a0140048332
040 _cGE_BSU
080 _a821.111-3
100 _aKaye,M.M.
245 4 _aThe far pavilions.
260 _aLondon.
260 _bPenguin Books.
260 _c1978
300 _a960p;20cm.
653 _aThe far pavilions.
942 _cBK
999 _c46601
_d46601